000 00320nam a2200133Ia 4500
005 20260328104340.0
008 260328s9999||||xx |||||||||||||| ||und||
100 _aMartínez, Carlos
245 0 _aArquitectura en Colombia /
_cCarlos Martínez
260 _bProa
300 _a221 p.
650 _aVIVIENDA
942 _cBK
999 _c12056
_d12056